[Event "Hastings Premier 2002/03 78th"]
[Site "Hastings"]
[Date "2002.12.28"]
[Round "1"]
[White "Barsov, Alexei"]
[Black "Tseshkovsky, Vitaly"]
[Result "1/2-1/2"]
[WhiteElo "2525"]
[BlackElo "2545"]
[PlyCount "54"]
[EventDate "2002.12.28"]
[EventType "tourn"]
[EventRounds "9"]
[EventCountry "ENG"]
[EventCategory "12"]
[SourceTitle "BritBase"]
[Source "John Saunders"]
[SourceDate "2024.12.03"]
[SourceVersion "1"]
[SourceVersionDate "2024.12.03"]
[SourceQuality "1"]

1. d4 d6 2. Nf3 g6 3. c4 Nf6 4. Nc3 Bf5 5. Qb3 Qc8 6. g3 Bg7 7. Bg2 Nc6 8. d5 Nd8 9. O-O O-O 10. Re1 Bg4 11. Ng5 h6 12. Nge4 Nxe4 13. Nxe4 b6 14. Bd2 f5 15. Nc3 g5 16. e3 Kh8 17. Ne2 c5 18. dxc6 Nxc6 19. Nd4 Ne5 20. Rac1 Rb8 21. Qc2 Bh5 22. f4 gxf4 23. gxf4 Ng6 24. Kh1 Nh4 25. Bd5 Bf7 26. Bc3 e6 27. Qf2 Ng6 1/2-1/2

[Event "Hastings Premier 2002/03 78th"]
[Site "Hastings"]
[Date "2002.12.28"]
[Round "1"]
[White "Flear, Glenn C"]
[Black "Arkell, Keith C"]
[Result "1/2-1/2"]
[WhiteElo "2527"]
[BlackElo "2521"]
[PlyCount "78"]
[EventDate "2002.12.28"]
[EventType "tourn"]
[EventRounds "9"]
[EventCountry "ENG"]
[EventCategory "12"]
[SourceTitle "BritBase"]
[Source "John Saunders"]
[SourceDate "2024.12.03"]
[SourceVersion "1"]
[SourceVersionDate "2024.12.03"]
[SourceQuality "1"]

1. d4 e6 2. c4 Bb4+ 3. Bd2 Bxd2+ 4. Qxd2 d5 5. Nc3 Nf6 6. e3 O-O 7. Nf3 Qe7 8. cxd5 exd5 9. Bd3 Nbd7 10. Qc2 c6 11. O-O Re8 12. Rab1 a5 13. a3 b6 14. b4 axb4 15. axb4 Bb7 16. Rfe1 Ne4 17. Bxe4 dxe4 18. Nd2 f5 19. Rec1 Qe6 20. Ra1 Ba6 21. b5 Bxb5 22. Nxb5 cxb5 23. Qb2 Qd5 24. Qb4 Nf6 25. Rcb1 Rxa1 26. Rxa1 Rc8 27. h3 Qd7 28. Rb1 Kf7 29. g3 Nd5 30. Qxb5 Qxb5 31. Rxb5 Ke6 32. g4 g6 33. gxf5+ gxf5 34. Nf1 Rc1 35. Kg2 f4 36. exf4 Nxf4+ 37. Kg3 Ne2+ 38. Kg2 Nf4+ 39. Kg3 Ne2+ 1/2-1/2

[Event "Hastings Premier 2002/03 78th"]
[Site "Hastings"]
[Date "2002.12.28"]
[Round "1"]
[White "Nielsen, Peter Heine"]
[Black "Karjakin, Sergey"]
[Result "1-0"]
[WhiteElo "2620"]
[BlackElo "2527"]
[PlyCount "39"]
[EventDate "2002.12.28"]
[EventType "tourn"]
[EventRounds "9"]
[EventCountry "ENG"]
[EventCategory "12"]
[SourceTitle "BritBase"]
[Source "John Saunders"]
[SourceDate "2024.12.03"]
[SourceVersion "1"]
[SourceVersionDate "2024.12.03"]
[SourceQuality "1"]

1. d4 d5 2. c4 dxc4 3. e4 c5 4. d5 Nf6 5. Nc3 b5 6. Bf4 Ba6 7. Nf3 b4 8. Bxb8 bxc3 9. Qa4+ Qd7 10. Qxa6 cxb2 11. Rb1 Rxb8 12. Bxc4 Rb6 13. Qa3 Nxe4 14. Rxb2 Qb7 15. Rxb6 Qxb6 16. O-O f6 17. Qa4+ Kd8 18. d6 e5 19. Be6 Qb7 20. Qa5+ 1-0

[Event "Hastings Premier 2002/03 78th"]
[Site "Hastings"]
[Date "2002.12.29"]
[Round "2"]
[White "Arkell, Keith C"]
[Black "McShane, Luke J"]
[Result "1-0"]
[WhiteElo "2521"]
[BlackElo "2546"]
[PlyCount "129"]
[EventDate "2002.12.28"]
[EventType "tourn"]
[EventRounds "9"]
[EventCountry "ENG"]
[EventCategory "12"]
[SourceTitle "BritBase"]
[Source "John Saunders"]
[SourceDate "2024.12.03"]
[SourceVersion "1"]
[SourceVersionDate "2024.12.03"]
[SourceQuality "1"]

1. d4 Nf6 2. Nf3 g6 3. b4 Bg7 4. Bb2 O-O 5. Nbd2 d6 6. e4 Nbd7 7. Be2 Re8 8. O-O e5 9. d5 Rf8 10. Ne1 Bh6 11. f3 Nh5 12. Nd3 Nb6 13. Bc1 Be3+ 14. Kh1 f5 15. Nb3 Bxc1 16. Qxc1 f4 17. Na5 Qh4 18. Kg1 g5 19. Nf2 Nd7 20. Nh1 Ng7 21. Qe1 Qh6 22. Qc3 Ne8 23. Nf2 Ndf6 24. g3 Kh8 25. Kg2 fxg3 26. hxg3 g4 27. fxg4 Rg8 28. Rh1 Qg5 29. Rh4 Rg7 30. Rd1 c6 31. dxc6 bxc6 32. Nxc6 Bb7 33. b5 Rc8 34. Qd2 Bxc6 35. bxc6 Rxc6 36. Qxg5 Rxg5 37. c4 Nc7 38. Nh3 Rg7 39. g5 Nd7 40. Rb1 Nb6 41. Rh6 Kg8 42. a4 Kf7 43. a5 Nd7 44. Bg4 Ke7 45. Bf5 Rxc4 46. Rb7 a6 47. Bxh7 Nb5 48. Bf5 Rc7 49. Re6+ Kd8 50. Rxc7 Kxc7 51. g6 Kc6 52. Re8 Nc7 53. Rc8 Nc5 54. Ng5 d5 55. exd5+ Kxd5 56. Kf3 Nb3 57. Rd8+ Kc6 58. Nf7 Nxa5 59. Nxe5+ Kb6 60. Rd6+ Kb7 61. Rd7 Rg8 62. g7 Nc6 63. Be4 Kc8 64. Bxc6 Ne8 65. Ra7 1-0

[Event "Hastings Premier 2002/03 78th"]
[Site "Hastings"]
[Date "2002.12.29"]
[Round "2"]
[White "Barsov, Alexei"]
[Black "Nielsen, Peter Heine"]
[Result "1/2-1/2"]
[WhiteElo "2525"]
[BlackElo "2620"]
[PlyCount "49"]
[EventDate "2002.12.28"]
[EventType "tourn"]
[EventRounds "9"]
[EventCountry "ENG"]
[EventCategory "12"]
[SourceTitle "BritBase"]
[Source "John Saunders"]
[SourceDate "2024.12.03"]
[SourceVersion "1"]
[SourceVersionDate "2024.12.03"]
[SourceQuality "1"]

1. d4 Nf6 2. c4 g6 3. Nc3 d5 4. Nf3 Bg7 5. e3 O-O 6. Bd2 c6 7. Qb3 e6 8. Bd3 Nbd7 9. O-O Nb6 10. Rfd1 dxc4 11. Bxc4 Nxc4 12. Qxc4 Nd7 13. Ne4 Nb6 14. Qc2 Qe7 15. Nc5 Rd8 16. Ba5 Re8 17. Bb4 Nd5 18. Ba3 a5 19. e4 Nb4 20. Bxb4 axb4 21. e5 b6 22. Ne4 Bb7 23. Nd6 Red8 24. Qc4 Rxd6 25. exd6 1/2-1/2

[Event "Hastings Premier 2002/03 78th"]
[Site "Hastings"]
[Date "2002.12.29"]
[Round "2"]
[White "Karjakin, Sergey"]
[Black "Flear, Glenn C"]
[Result "1-0"]
[WhiteElo "2527"]
[BlackElo "2527"]
[PlyCount "217"]
[EventDate "2002.12.28"]
[EventType "tourn"]
[EventRounds "9"]
[EventCountry "ENG"]
[EventCategory "12"]
[SourceTitle "BritBase"]
[Source "John Saunders"]
[SourceDate "2024.12.03"]
[SourceVersion "1"]
[SourceVersionDate "2024.12.03"]
[SourceQuality "1"]

1. e4 e5 2. Nf3 Nc6 3. Bb5 a6 4. Ba4 Nf6 5. O-O Nxe4 6. d4 b5 7. Bb3 d5 8. dxe5 Be6 9. Nbd2 Nc5 10. c3 Bg4 11. Bc2 Ne6 12. Re1 Bc5 13. Nf1 Bh5 14. Ng3 Bg6 15. h4 d4 16. Bg5 Qd7 17. cxd4 Ncxd4 18. Nxd4 Qxd4 19. Be3 Qxd1 20. Bxd1 O-O 21. h5 Bd3 22. Bxc5 Nxc5 23. Rc1 Ne6 24. Bg4 Bc4 25. b3 Bd5 26. Bxe6 fxe6 27. Rxc7 h6 28. Rc5 Rf4 29. f3 b4 30. Ra5 Bc6 31. Rc5 Bd5 32. Rec1 a5 33. Rc8+ Rf8 34. Rxf8+ Kxf8 35. Ne2 a4 36. Nd4 Rd8 37. Rb1 Bxb3 38. axb3 Rxd4 39. bxa4 b3 40. Rxb3 Rxa4 41. Kf2 Ra2+ 42. Kg3 Re2 43. Rb8+ Kf7 44. Rb7+ Kf8 45. Rb5 Kf7 46. Kh3 Rf2 47. Rb4 Re2 48. Rb7+ Kf8 49. Rb5 Ke7 50. g4 Kf7 51. Kg3 Ke7 52. Rb7+ Kf8 53. Kf4 Re1 54. Rb2 Kf7 55. Rb4 Re2 56. Rb1 Kf8 57. Rg1 Kf7 58. Ra1 Kg8 59. Ra3 Re1 60. Re3 Ra1 61. Kg3 Kf7 62. Rb3 Re1 63. Rb7+ Kf8 64. Rb5 Kf7 65. Rc5 Ke7 66. Kf2 Ra1 67. Ke3 Re1+ 68. Kd2 Ra1 69. Kd3 Rf1 70. Rc7+ Kf8 71. Ke4 Re1+ 72. Kd4 Rd1+ 73. Ke3 Re1+ 74. Kf4 Re2 75. Rc5 Re1 76. Kg3 Kf7 77. f4 Rg1+ 78. Kh3 Rf1 79. Rc4 Rg1 80. Ra4 Kf8 81. Ra7 Rf1 82. Ra8+ Kf7 83. Ra4 Rg1 84. Ra2 Kf8 85. Rg2 Re1 86. Kh2 Rf1 87. Kg3 Re1 88. Rf2 Ke7 89. Kg2 Re4 90. Rf1 Re3 91. Ra1 Kf7 92. Kf2 Rb3 93. g5 hxg5 94. fxg5 Rh3 95. g6+ Ke7 96. Ra7+ Kf8 97. Ra8+ Ke7 98. Rh8 Rh1 99. Ke3 Re1+ 100. Kd4 Rd1+ 101. Kc3 Rc1+ 102. Kd2 Rh1 103. Ke2 Rh4 104. Kf3 Rh1 105. Rg8 Rxh5 106. Rxg7+ Ke8 107. Ra7 Rf5+ 108. Kg4 Kf8 109. Rf7+ 1-0

[Event "Hastings Premier 2002/03 78th"]
[Site "Hastings"]
[Date "2002.12.30"]
[Round "3"]
[White "Flear, Glenn C"]
[Black "Barsov, Alexei"]
[Result "1/2-1/2"]
[WhiteElo "2527"]
[BlackElo "2525"]
[PlyCount "84"]
[EventDate "2002.12.28"]
[EventType "tourn"]
[EventRounds "9"]
[EventCountry "ENG"]
[EventCategory "12"]
[SourceTitle "BritBase"]
[Source "John Saunders"]
[SourceDate "2024.12.03"]
[SourceVersion "1"]
[SourceVersionDate "2024.12.03"]
[SourceQuality "1"]

1. d4 e6 2. c4 Nf6 3. Nc3 Bb4 4. e3 O-O 5. Nge2 d5 6. a3 Be7 7. cxd5 Nxd5 8. g3 Nxc3 9. Nxc3 c5 10. d5 exd5 11. Nxd5 Nd7 12. Bg2 Nf6 13. Nxe7+ Qxe7 14. Qc2 Re8 15. O-O Ne4 16. f3 Ng5 17. e4 Ne6 18. Be3 b6 19. Rfd1 Bb7 20. Rd2 Rad8 21. Rad1 Rxd2 22. Rxd2 Rd8 23. Qd1 Nd4 24. b4 Qd7 25. Bf1 f5 26. Bc4+ Kh8 27. Bxd4 cxd4 28. Bd5 fxe4 29. fxe4 Ba6 30. Rxd4 Qc8 31. Bc6 Rf8 32. b5 Qc7 33. Rd7 Qe5 34. Qd4 Qg5 35. Kg2 Bc8 36. Qd6 Rg8 37. Rf7 Bh3+ 38. Kxh3 Qh5+ 39. Kg2 Qxf7 40. Bd5 Qh5 41. Bxg8 Qe2+ 42. Kh3 Qh5+ 1/2-1/2

[Event "Hastings Premier 2002/03 78th"]
[Site "Hastings"]
[Date "2002.12.30"]
[Round "3"]
[White "McShane, Luke J"]
[Black "Karjakin, Sergey"]
[Result "1-0"]
[WhiteElo "2546"]
[BlackElo "2527"]
[PlyCount "119"]
[EventDate "2002.12.28"]
[EventType "tourn"]
[EventRounds "9"]
[EventCountry "ENG"]
[EventCategory "12"]
[SourceTitle "BritBase"]
[Source "John Saunders"]
[SourceDate "2024.12.03"]
[SourceVersion "1"]
[SourceVersionDate "2024.12.03"]
[SourceQuality "1"]

1. e4 c5 2. Nf3 d6 3. Bc4 Nf6 4. d3 e6 5. Bb3 Be7 6. c3 O-O 7. O-O Nc6 8. Qe2 b6 9. Nbd2 Ba6 10. Bc2 Qc7 11. a3 Nd7 12. Re1 Bf6 13. Nf1 Nde5 14. Ng3 Rad8 15. Nh5 Be7 16. Nxe5 Nxe5 17. f4 Nd7 18. f5 g6 19. Nf4 Ne5 20. fxe6 Qc8 21. Nd5 Qxe6 22. Bh6 Rfe8 23. Nc7 Qc8 24. Nxe8 Rxe8 25. Bf4 Bf6 26. Rf1 Bg7 27. Bxe5 Bxe5 28. Bb3 c4 29. Bxc4 Bxc4 30. dxc4 Qc5+ 31. Kh1 Rc8 32. Rad1 Qxc4 33. Qxc4 Rxc4 34. Rfe1 h5 35. g3 Kf8 36. Kg2 Ke7 37. Kf3 Ke6 38. Rd5 a6 39. Rd2 Kd7 40. Ke3 b5 41. Kd3 a5 42. Rc2 a4 43. Rb1 Kc6 44. b3 axb3 45. Rxb3 f5 46. exf5 gxf5 47. Rb4 d5 48. a4 bxa4 49. Rxc4+ dxc4+ 50. Kxc4 f4 51. gxf4 Bxf4 52. Kb4 Kd5 53. c4+ Kd4 54. Kxa4 Kd3 55. Kb3 h4 56. c5 Bc7 57. c6 h3 58. Rc3+ Ke4 59. Rxh3 Kd5 60. Rc3 1-0

[Event "Hastings Premier 2002/03 78th"]
[Site "Hastings"]
[Date "2002.12.30"]
[Round "3"]
[White "Nielsen, Peter Heine"]
[Black "Tseshkovsky, Vitaly"]
[Result "1-0"]
[WhiteElo "2620"]
[BlackElo "2545"]
[PlyCount "79"]
[EventDate "2002.12.28"]
[EventType "tourn"]
[EventRounds "9"]
[EventCountry "ENG"]
[EventCategory "12"]
[SourceTitle "BritBase"]
[Source "John Saunders"]
[SourceDate "2024.12.03"]
[SourceVersion "1"]
[SourceVersionDate "2024.12.03"]
[SourceQuality "1"]

1. d4 Nf6 2. c4 c5 3. d5 b5 4. Nf3 g6 5. cxb5 a6 6. b6 d6 7. Nc3 Nbd7 8. a4 a5 9. e4 Bg7 10. Be2 O-O 11. O-O Nxb6 12. Bf4 Bg4 13. h3 Bxf3 14. Bxf3 Nfd7 15. Rb1 c4 16. Be3 Qc8 17. Qc2 Rb8 18. Nb5 Rb7 19. Bg4 h5 20. Bxd7 Nxd7 21. Rfc1 Ne5 22. b3 Nd3 23. Rd1 Nb4 24. Qxc4 f5 25. Qxc8 Rxc8 26. exf5 gxf5 27. Rbc1 Rbb8 28. Rxc8+ Rxc8 29. Bb6 Rc2 30. Bxa5 Na6 31. Bd8 Kf7 32. a5 Rb2 33. Nd4 Bxd4 34. Rxd4 Rxb3 35. Rf4 e6 36. dxe6+ Kxe6 37. Rh4 Nc5 38. Rxh5 Ra3 39. Rh6+ Kd7 40. Bb6 {time} 1-0

[Event "Hastings Premier 2002/03 78th"]
[Site "Hastings"]
[Date "2002.12.30"]
[Round "3"]
[White "Sasikiran, Krishnan"]
[Black "Arkell, Keith C"]
[Result "1/2-1/2"]
[WhiteElo "2670"]
[BlackElo "2521"]
[PlyCount "107"]
[EventDate "2002.12.28"]
[EventType "tourn"]
[EventRounds "9"]
[EventCountry "ENG"]
[EventCategory "12"]
[SourceTitle "BritBase"]
[Source "John Saunders"]
[SourceDate "2024.12.03"]
[SourceVersion "1"]
[SourceVersionDate "2024.12.03"]
[SourceQuality "1"]

1. Nf3 Nf6 2. c4 c5 3. Nc3 Nc6 4. g3 g6 5. Bg2 Bg7 6. O-O O-O 7. d4 cxd4 8. Nxd4 Nxd4 9. Qxd4 d6 10. Qd3 Nd7 11. b3 Nc5 12. Qd2 Rb8 13. Bb2 a6 14. Nd5 Bxb2 15. Qxb2 b5 16. cxb5 axb5 17. Rac1 Bb7 18. Rfd1 Bxd5 19. Bxd5 Nd7 20. h4 Nf6 21. Bf3 Qd7 22. Rc6 Rfc8 23. Rdc1 Rxc6 24. Rxc6 b4 25. Qd4 Qd8 26. Ra6 h5 27. e3 Kf8 28. Kg2 Qc7 29. Rc6 Qd8 30. Qa7 d5 31. Rc7 Ra8 32. Qb7 Rb8 33. Qa7 Ra8 34. Qc5 Rb8 35. Ra7 Qe8 36. Be2 Qd8 37. Bd3 Qe8 38. Ra6 Kg8 39. Rb6 Rxb6 40. Qxb6 Qa8 41. Qxb4 Qxa2 42. Qc3 Ng4 43. Qc2 Qa3 44. Be2 Nf6 45. Qc8+ Kg7 46. Qc3 e5 47. Bd1 Qd6 48. b4 Ne4 49. Qd3 Qxb4 50. Qxd5 Kf6 51. Bb3 Nd6 52. Kh2 Qb6 53. Ba2 Qc7 54. Kg2 1/2-1/2

[Event "Hastings Premier 2002/03 78th"]
[Site "Hastings"]
[Date "2002.12.31"]
[Round "4"]
[White "Arkell, Keith C"]
[Black "Kosteniuk, Alexandra"]
[Result "1/2-1/2"]
[WhiteElo "2521"]
[BlackElo "2455"]
[PlyCount "42"]
[EventDate "2002.12.28"]
[EventType "tourn"]
[EventRounds "9"]
[EventCountry "ENG"]
[EventCategory "12"]
[SourceTitle "BritBase"]
[Source "John Saunders"]
[SourceDate "2024.12.03"]
[SourceVersion "1"]
[SourceVersionDate "2024.12.03"]
[SourceQuality "1"]

1. d4 d5 2. c4 e6 3. Nf3 Nf6 4. Nc3 dxc4 5. Qa4+ c6 6. Qxc4 b5 7. Qd3 Nbd7 8. g3 b4 9. Ne4 Qb6 10. Nxf6+ Nxf6 11. Bg2 Ba6 12. Qc2 c5 13. Bg5 Rc8 14. Bxf6 cxd4 15. Qa4+ Bb5 16. Bxd4 Bxa4 17. Bxb6 axb6 18. b3 Bd7 19. Ne5 Bb5 20. Be4 Bd6 21. Bd3 Bxe5 1/2-1/2

[Event "Hastings Premier 2002/03 78th"]
[Site "Hastings"]
[Date "2002.12.31"]
[Round "4"]
[White "Barsov, Alexei"]
[Black "McShane, Luke J"]
[Result "1-0"]
[WhiteElo "2525"]
[BlackElo "2546"]
[PlyCount "91"]
[EventDate "2002.12.28"]
[EventType "tourn"]
[EventRounds "9"]
[EventCountry "ENG"]
[EventCategory "12"]
[SourceTitle "BritBase"]
[Source "John Saunders"]
[SourceDate "2024.12.03"]
[SourceVersion "1"]
[SourceVersionDate "2024.12.03"]
[SourceQuality "1"]

1. d4 Nf6 2. Nf3 g6 3. c4 Bg7 4. g3 d5 5. cxd5 Nxd5 6. Bg2 Nb6 7. Nc3 Nc6 8. e3 O-O 9. O-O Re8 10. d5 Na5 11. Nd4 Bd7 12. b3 Qc8 13. Bd2 c5 14. Nde2 Qd8 15. Rc1 Bg4 16. Ne4 Nd7 17. f3 Bf5 18. Nf2 Ne5 19. e4 Bc8 20. Rxc5 b6 21. Rc2 Ba6 22. Bc3 Rc8 23. f4 Nd7 24. Bxg7 Kxg7 25. Bh3 Rc7 26. Qa1+ Nf6 27. Rxc7 Qxc7 28. Rc1 Qb8 29. Nd4 Bc8 30. Bg2 Kg8 31. b4 Nb7 32. Nc6 Qa8 33. Nxe7+ Rxe7 34. Qxf6 Re8 35. Rc7 Rf8 36. e5 Qb8 37. d6 Nd8 38. Ne4 Ne6 39. Qe7 b5 40. Rc1 Qb6+ 41. Nc5 a5 42. Kh1 axb4 43. d7 Qc7 44. dxc8=Q Rxc8 45. Qxc7 Rxc7 46. Nd3 1-0

[Event "Hastings Premier 2002/03 78th"]
[Site "Hastings"]
[Date "2002.12.31"]
[Round "4"]
[White "Karjakin, Sergey"]
[Black "Sasikiran, Krishnan"]
[Result "1/2-1/2"]
[WhiteElo "2527"]
[BlackElo "2670"]
[PlyCount "122"]
[EventDate "2002.12.28"]
[EventType "tourn"]
[EventRounds "9"]
[EventCountry "ENG"]
[EventCategory "12"]
[SourceTitle "BritBase"]
[Source "John Saunders"]
[SourceDate "2024.12.03"]
[SourceVersion "1"]
[SourceVersionDate "2024.12.03"]
[SourceQuality "1"]

1. e4 e5 2. Nf3 Nc6 3. Bb5 a6 4. Ba4 Nf6 5. O-O Be7 6. Re1 b5 7. Bb3 d6 8. c3 O-O 9. h3 Nb8 10. d4 Nbd7 11. Nbd2 Bb7 12. Bc2 Re8 13. Nf1 g6 14. Ng3 Bf8 15. a4 Bg7 16. b3 exd4 17. cxd4 c5 18. axb5 axb5 19. Rxa8 Qxa8 20. d5 Qa5 21. Bd2 Qb6 22. Qc1 Ra8 23. Bh6 Bxh6 24. Qxh6 c4 25. bxc4 Ra2 26. Re2 bxc4 27. Kh2 Ra3 28. Qc1 Qc5 29. Nh4 Ra8 30. Qh6 Kh8 31. Re3 Ne5 32. Qf4 Nfd7 33. Nf3 f6 34. Nxe5 dxe5 35. Qg4 Qd6 36. h4 Nb6 37. h5 Bc8 38. Qd1 Ra7 39. Qb1 Kg7 40. Ne2 Bd7 41. Nc3 Qc5 42. Qd1 Nc8 43. hxg6 hxg6 44. Ba4 Bxa4 45. Nxa4 Qd4 46. Qg4 Nd6 47. Nc3 Qd2 48. Rg3 Qh6+ 49. Qh3 Qxh3+ 50. Rxh3 Ra3 51. g4 Rb3 52. Kg2 Rb2 53. Kf1 Rd2 54. Ke1 Rc2 55. Rf3 Rc1+ 56. Kd2 Rg1 57. Rg3 Rh1 58. f3 Kh6 59. g5+ fxg5 60. Nd1 Rh2+ 61. Kc3 Re2 1/2-1/2

[Event "Hastings Premier 2002/03 78th"]
[Site "Hastings"]
[Date "2002.12.31"]
[Round "4"]
[White "Nielsen, Peter Heine"]
[Black "Flear, Glenn C"]
[Result "1-0"]
[WhiteElo "2620"]
[BlackElo "2527"]
[PlyCount "79"]
[EventDate "2002.12.28"]
[EventType "tourn"]
[EventRounds "9"]
[EventCountry "ENG"]
[EventCategory "12"]
[SourceTitle "BritBase"]
[Source "John Saunders"]
[SourceDate "2024.12.03"]
[SourceVersion "1"]
[SourceVersionDate "2024.12.03"]
[SourceQuality "1"]

1. d4 d5 2. c4 c6 3. Nf3 Nf6 4. Nc3 a6 5. e3 b5 6. b3 Bg4 7. h3 Bxf3 8. gxf3 Nbd7 9. f4 e6 10. c5 g6 11. Bd3 Bg7 12. Qc2 Ng8 13. Bb2 Ne7 14. O-O-O Nf5 15. Ne2 Qh4 16. Ng1 Qe7 17. Nf3 Nh4 18. Qe2 O-O 19. Rdg1 Bf6 20. Ng5 h6 21. Nf3 Nxf3 22. Qxf3 Kh8 23. h4 Rg8 24. Kb1 Rg7 25. e4 Bxh4 26. Qg4 Bf6 27. e5 Rh7 28. exf6 Qxf6 29. Bc1 a5 30. f5 exf5 31. Qf4 h5 32. Qc7 Nf8 33. Bf4 Kg8 34. Qe5 Qxe5 35. Bxe5 Ne6 36. Bxf5 Re8 37. f4 Kf8 38. Bc2 Rh6 39. f5 gxf5 40. Bd6+ 1-0

[Event "Hastings Premier 2002/03 78th"]
[Site "Hastings"]
[Date "2002.12.31"]
[Round "4"]
[White "Tseshkovsky, Vitaly"]
[Black "Harikrishna, Pentala"]
[Result "1/2-1/2"]
[WhiteElo "2545"]
[BlackElo "2551"]
[PlyCount "83"]
[EventDate "2002.12.28"]
[EventType "tourn"]
[EventRounds "9"]
[EventCountry "ENG"]
[EventCategory "12"]
[SourceTitle "BritBase"]
[Source "John Saunders"]
[SourceDate "2024.12.03"]
[SourceVersion "1"]
[SourceVersionDate "2024.12.03"]
[SourceQuality "1"]

1. e4 e5 2. Nf3 Nc6 3. d4 exd4 4. Nxd4 Nf6 5. Nxc6 bxc6 6. e5 Qe7 7. Qe2 Nd5 8. c4 Ba6 9. b3 g6 10. f4 Bg7 11. Qf2 Nb6 12. c5 Bxf1 13. cxb6 Ba6 14. Ba3 Qd8 15. bxc7 Qxc7 16. Bd6 Qa5+ 17. Qd2 Qxd2+ 18. Nxd2 Bd3 19. O-O-O Bf5 20. Rde1 Bf8 21. Bxf8 Kxf8 22. h3 Be6 23. Rhf1 Ke7 24. g4 Bd5 25. Ne4 h5 26. f5 hxg4 27. hxg4 gxf5 28. gxf5 Rag8 29. Rf2 Rh4 30. Nf6 Rgh8 31. Rd1 Rh1 32. Rfd2 Rxd1+ 33. Rxd1 Rh2 34. Nxd5+ cxd5 35. a4 Rf2 36. Rxd5 Rxf5 37. Ra5 Ke6 38. Rxa7 Rxe5 39. a5 f5 40. Ra8 Kd6 41. Kd2 f4 42. Rf8 1/2-1/2

[Event "Hastings Premier 2002/03 78th"]
[Site "Hastings"]
[Date "2003.01.01"]
[Round "5"]
[White "Flear, Glenn C"]
[Black "Tseshkovsky, Vitaly"]
[Result "1-0"]
[WhiteElo "2527"]
[BlackElo "2545"]
[PlyCount "82"]
[EventDate "2002.12.28"]
[EventType "tourn"]
[EventRounds "9"]
[EventCountry "ENG"]
[EventCategory "12"]
[SourceTitle "BritBase"]
[Source "John Saunders"]
[SourceDate "2024.12.03"]
[SourceVersion "1"]
[SourceVersionDate "2024.12.03"]
[SourceQuality "1"]

1. d4 d6 2. e4 Nf6 3. Nc3 g6 4. f4 Bg7 5. a3 O-O 6. Nf3 c6 7. Bd3 Bg4 8. h3 Bxf3 9. Qxf3 e5 10. dxe5 dxe5 11. f5 Nbd7 12. Be3 Nh5 13. O-O-O Qe7 14. h4 Nf4 15. Bc4 b5 16. Ba2 Rab8 17. g3 Nh5 18. g4 Nf4 19. g5 b4 20. axb4 Qxb4 21. Bb3 Nc5 22. Bxc5 Qxc5 23. f6 Bh8 24. h5 Rfd8 25. hxg6 hxg6 26. Rh4 Rxd1+ 27. Qxd1 Nh5 28. Rh3 Rf8 29. Kb1 Qf2 30. Ka2 Qf4 31. Qg1 a5 32. Rd3 a4 33. Bc4 a3 34. bxa3 Qh4 35. Qc5 Nxf6 36. gxf6 Bxf6 37. Qxc6 Qf2 38. Bb3 Kg7 39. Nd5 Bd8 40. Qc3 Re8 41. Nb4 Rh8 1-0

[Event "Hastings Premier 2002/03 78th"]
[Site "Hastings"]
[Date "2003.01.01"]
[Round "5"]
[White "Harikrishna, Pentala"]
[Black "Arkell, Keith C"]
[Result "1/2-1/2"]
[WhiteElo "2551"]
[BlackElo "2521"]
[PlyCount "74"]
[EventDate "2002.12.28"]
[EventType "tourn"]
[EventRounds "9"]
[EventCountry "ENG"]
[EventCategory "12"]
[SourceTitle "BritBase"]
[Source "John Saunders"]
[SourceDate "2024.12.03"]
[SourceVersion "1"]
[SourceVersionDate "2024.12.03"]
[SourceQuality "1"]

1. d4 e6 2. c4 Bb4+ 3. Bd2 Bxd2+ 4. Nxd2 d5 5. Ngf3 Nf6 6. e3 Nbd7 7. Bd3 O-O 8. O-O b6 9. cxd5 exd5 10. Rc1 Bb7 11. b4 c6 12. Ne5 Nxe5 13. dxe5 Nd7 14. f4 Qe7 15. Nf3 f6 16. Qc2 fxe5 17. Bxh7+ Kh8 18. Ng5 e4 19. Qe2 Rf6 20. Bf5 Rh6 21. Bxd7 Qxd7 22. f5 a5 23. Qb2 Qe7 24. Ne6 axb4 25. g4 c5 26. g5 Rxe6 27. fxe6 Qxg5+ 28. Kh1 d4 29. Rf7 Bd5 30. Rg1 Qh6 31. Qg2 Rg8 32. exd4 cxd4 33. Rd7 Ba8 34. Ra7 Bc6 35. Rc7 Qxe6 36. Rxg7 e3 37. Rxg8+ Kh7 {White made the draw offer, despite it not being accompanied by a move, and Black accepted.} (37... Kh7 {"I hadn't even seen that} 38. Rg7+ Kh6 $1 {was legal! Of course it wins easily." (Keith Arkell)}) 1/2-1/2

[Event "Hastings Premier 2002/03 78th"]
[Site "Hastings"]
[Date "2003.01.01"]
[Round "5"]
[White "McShane, Luke J"]
[Black "Nielsen, Peter Heine"]
[Result "1-0"]
[WhiteElo "2546"]
[BlackElo "2620"]
[PlyCount "39"]
[EventDate "2002.12.28"]
[EventType "tourn"]
[EventRounds "9"]
[EventCountry "ENG"]
[EventCategory "12"]
[SourceTitle "BritBase"]
[Source "John Saunders"]
[SourceDate "2024.12.03"]
[SourceVersion "1"]
[SourceVersionDate "2024.12.03"]
[SourceQuality "1"]

1. e4 e5 2. Nf3 Nc6 3. Bb5 Nf6 4. O-O Nxe4 5. Re1 Nd6 6. Nxe5 Be7 7. Bd3 O-O 8. Nc3 Nxe5 9. Rxe5 Bf6 10. Re3 Re8 11. Nd5 Bg5 12. f4 Bh6 13. Rh3 c6 14. Ne3 Ne4 15. Bxe4 Rxe4 16. Nf5 Qb6+ 17. d4 Bxf4 18. Qh5 h6 19. Bxf4 Rxf4 20. Re1 1-0

[Event "Hastings Premier 2002/03 78th"]
[Site "Hastings"]
[Date "2003.01.01"]
[Round "5"]
[White "Sasikiran, Krishnan"]
[Black "Barsov, Alexei"]
[Result "1/2-1/2"]
[WhiteElo "2670"]
[BlackElo "2525"]
[PlyCount "54"]
[EventDate "2002.12.28"]
[EventType "tourn"]
[EventRounds "9"]
[EventCountry "ENG"]
[EventCategory "12"]
[SourceTitle "BritBase"]
[Source "John Saunders"]
[SourceDate "2024.12.03"]
[SourceVersion "1"]
[SourceVersionDate "2024.12.03"]
[SourceQuality "1"]

1. d4 Nf6 2. c4 e6 3. Nc3 Bb4 4. Qc2 c5 5. dxc5 O-O 6. a3 Bxc5 7. Nf3 b6 8. Bf4 Nh5 9. Bg3 Bb7 10. e3 Be7 11. Rd1 h6 12. Be2 Nc6 13. Rd2 Rc8 14. Qd1 Nxg3 15. hxg3 Nb8 16. Nb5 a6 17. Nd6 Bxd6 18. Rxd6 Qc7 19. Rd4 Rfd8 20. Rg4 Bxf3 21. gxf3 Nc6 22. Rxh6 Ne5 23. Rg5 d5 24. Qc2 g6 25. Rhh5 Kg7 26. f4 Nxc4 27. Qc3+ d4 1/2-1/2